| 000 | 01077nam a22002057a 4500 | ||
|---|---|---|---|
| 999 |
_c58562 _d58562 |
||
| 003 | Ge_BSU | ||
| 005 | 20220603122322.0 | ||
| 008 | 220603s2018 ge ||||| |||| 00| 0 geo d | ||
| 020 | _a9789941805684 | ||
| 041 |
_ageo _hgem |
||
| 080 | _a1(430) შ-81 | ||
| 100 |
_aშოპენჰაუერი, არტურ _913971 |
||
| 245 |
_aცხოვრების ამაოება და სიმწარენი / _cარტურ შოპენჰაუერი ; თარგმნა და კომენტარები დაურთო ზურაბ ხასაიამ ; მხატვარი ვასილ ნასიბოვი. |
||
| 264 |
_aთბილისი : _bCarpe diem, _c2018. |
||
| 300 |
_a460 გვ. ; _b20 სმ. |
||
| 500 | _aკომენტარები: გვ. 389-456. | ||
| 653 | _aგერმანული ფილოსოფია. | ||
| 700 |
_aხასაია, ზურაბ _eმთარგმნელი, კომენტარების ავტორი _913972 |
||
| 942 |
_2udc _cBK |
||